Foundations of artificial intelligence and expert systems (Record no. 108757)

MARC details
000 -LEADER
fixed length control field 00409nam a2200157Ia 4500
008 - FIXED-LENGTH DATA ELEMENTS--GENERAL INFORMATION
fixed length control field 230917s9999||||xx |||||||||||||| ||und||
020 ## - ISBN
Price RS157
040 ## - CATALOGING SOURCE
-- 34009
Original cataloging agency VIVEKANANDA LIBRARY
041 ## - Language
-- English
082 ## - DDC NUMBER
Classification number 006.3 J251F
100 ## - MAIN ENTRY--PERSONAL NAME
Personal name Janakiraman, V S
245 #0 - TITLE STATEMENT
Title Foundations of artificial intelligence and expert systems
260 ## - PUBLICATION, DISTRIBUTION, ETC. (IMPRINT)
Place of publication, distribution, etc New Delhi
Name of publisher, distributor, etc Macmillan
Date of publication, distribution, etc 2001
300 ## - PHYSICAL DESCRIPTION
Pages xvi, 231 p.
942 ## - ADDED ENTRY ELEMENTS (KOHA)
Koha item type Old Books
Holdings
Withdrawn status Lost status Damaged status Not for loan Location (home branch) Sublocation or collection (holding branch) Date acquired Koha issues (times borrowed) Koha full call number Accession No. Koha date last seen Koha item type Shelving location
        VIVEKANANDA LIBRARY VIVEKANANDA LIBRARY 28/08/2002 8 006.3 J251F 195300 01/04/2026 Old Books  
        VIVEKANANDA LIBRARY VIVEKANANDA LIBRARY 28/08/2002 3 006.3 J251F 206379 03/05/2024 Old Books UIET Library
        VIVEKANANDA LIBRARY VIVEKANANDA LIBRARY 28/08/2002 7 006.3 J251F 206380 15/01/2025 Old Books UIET Library
        VIVEKANANDA LIBRARY VIVEKANANDA LIBRARY 28/08/2002   006.3 J251F 206381 17/09/2023 Old Books UIET Library
        VIVEKANANDA LIBRARY VIVEKANANDA LIBRARY 28/08/2002 4 006.3 J251F 206382 15/01/2025 Old Books UIET Library
        VIVEKANANDA LIBRARY VIVEKANANDA LIBRARY 28/08/2002 9 006.3 J251F 206383 06/09/2025 Old Books  
© Designed and Maintained by Vivekananda Library, MDU Rohtak